000 02414nam0a2200445 4500
001 RU\NLR\bibl\736032
005 20250614001433.0
010 _a5-9284-0042-X
_9300
035 _aRSL-KNO-002454304
035 _a(NLR Aleph) 000725954
090 _a732371
_c732371
100 _a20040722d2004 |||y0rusy50 ca
101 0 _arus
102 _aRU
105 _aa |||||||||
106 _ar
135 _acrmn mmmanaba
200 1 _aФункциональная морфология щитовидной железы в случаях смерти от общего переохлаждения организма
_fЮ.С. Степанян
210 _aИжевск
_cЭкспертиза
_d2004
215 _a84 с.
_cил., табл.
_d21
320 _aБиблиогр.: с. 74-84 (154 назв.)
325 1 _aКопия доступна в электронной библиотеке РНБ
606 0 _aСмерть от охлаждения
_xСудебно-медицинская экспертиза
_91639615
_3RU\NLR\auth\661023171
606 0 _aЩитовидная железа
_xПатологическая морфология при смерти от охлаждения
_92365731
_3RU\NLR\auth\661412373
610 0 _aЗдравоохранение. Медицинские науки -- Судебная медицина -- Судебно-медицинская экспетиза смерти от физических агентов -- Смерть при действии высоких и низких температур -- Пособие для специалистов
610 0 _aпатоморфология щитовидной железы
_aсмерть от переохлаждения
686 _aР811.251,07
_2rubbk
686 _aР811.251
686 _aР251.75
700 1 _aСтепанян
_bЮ. С.
_gЮрий Саркисович
_4070
801 0 _aRU
_bRuMoRKP
_c20040722
_grcr
801 1 _aRU
_bRuMoRGB
_c20040722
801 2 _aRU
_bNLR
_c20050316
_gPSBO
830 _aавт. по кн.
901 _eКнижные издания
942 _cBOOK
980 _aNB
981 1 3 _a(13) Документы, защищенные авторским правом
_b(13) Современная научная, научно-популярная и популярная л